| 000 | 00942nam a2200253 i 4500 | ||
|---|---|---|---|
| 001 | 102223 | ||
| 003 | ES-MaACL | ||
| 005 | 20250818131145.0 | ||
| 007 | t| | ||
| 008 | 051107s1979 sp f 00110 spa d | ||
| 100 | 1 |
_aMendoza, Gabino. _980249 |
|
| 245 | 1 | 0 |
_aDocumentos. _n2, _psiglos XVI, XVII y XVIII / _cGabino Mendoza. |
| 260 |
_aMadrid : _bCírculo de Amigos de la Historia, _c1979. |
||
| 300 |
_a295 p., 8 lám. ; _c21 cm. |
||
| 490 | 1 |
_aHistoria de España [dirigida por Florentino Pérez-Embid] ; _v13 |
|
| 651 |
_aEspaña- _xHistoria- _y1516-1700, Casa de Austria- _vFuentes. _9142405 |
||
| 651 | 4 |
_aEspaña- _xHistoria- _yS.XVIII- _vFuentes. _9157994 |
|
| 700 | 1 |
_aPérez-Embid, Florentino, _d1918-1974 _990840 |
|
| 700 | 2 |
_a _9241887 |
|
| 830 | 1 |
_aHistoria de España [dirigida por Florentino Pérez-Embid] ; _v13 _9184626 |
|
| 852 |
_aES-MaACL _jA-10784 |
||
| 852 |
_aES-MaACL _jP-177-10 |
||
| 999 |
_c102223 _d102223 |
||